Analysis of implementation of continental free trade area in Africa

Bibliographic Details
Main Author: Hirwa, Yvan
Format: eBook
Language:English
Published: Londres: Lambert Academic Publishing, 2019
Subjects:
Online Access:Acceso restringido

MARC

LEADER 00000nam a22000007a 4500
005 2019091605575.0
007 cr|||| ||||
008 190916s2019 uk |||||s|||| 00||0 eng d
020 |a 9786200085658 
035 |a 24933 
040 |a vLex 
090 |c 9537  |d 9537 
100 1 |a Hirwa, Yvan 
245 1 0 |a Analysis of implementation of continental free trade area in Africa  |h [Recurso electrn̤ico] /  |c Yvan Hirwa 
256 |a Servicio en ln̕ea 
260 |a Londres:  |b Lambert Academic Publishing,  |c 2019 
300 |a 1 recurso electrn̤ico 
500 |a In January 2012, the African Heads of States and Governments agreed to establish the regional free trade area (African Continental Free Trade Area-ACFTA) with the main purpose of enhancing the African economic standing by eliminating tariff on intra-African trade, in order to create much needed jobs and wealth for a young continent with a median age of 19.5 years and a population of 1.27 billion people. This integration remains one of the core elements of the African economic power strategies and the most pivotal transformation of regional development underway in Africa. This paper attempts to explore largely the implications, opportunities and challenges arising with the establishment of the ACFTA project, its achievement, and implementation by the African Union Members. 
506 1 |a Disponible solo en los productos indicados  |d vLex Global  |d vLex Global (Academic Edition, excluding Law Schools)  |d vLex Global (U.S. Academic Edition, Law Schools)  |d vLex Global (U.S. Academic Edition, excluding Law Schools)  |d vLex Global (Academic Edition, Law Schools) 
650 0 4 |a Derecho Mercantil y de la Empresa  |z Inglaterra 
740 0 |a vLex Libros (Servicio en ln̕ea) 
856 4 0 |u http://vlex.com/source/24933  |z Acceso restringido 
942 |c BOOK 
999 0 |a Commercial and Business Law